|
|
|
|
| LEADER |
00000nam a2200000 a 4500 |
| 001 |
vtls001428455 |
| 003 |
SK-MaSNL |
| 005 |
20260301120838.0 |
| 008 |
240318s2001 xo aa r y 0 slo |
| 015 |
|
|
|a SNBA2002/06-01959
|
| 020 |
|
|
|a 8085756595
|
| 035 |
|
|
|a SNK000383452
|
| 035 |
|
|
|a urn:nbn:sk:snk-amyarp
|
| 035 |
|
|
|a urn:nbn:sk:snk-am00c7os
|
| 035 |
|
|
|a B766ADA9-16B0-4EC0-9910-D24A7E67FBF4
|
| 040 |
|
|
|a SNK
|b slo
|c SNK
|e AACR2
|
| 041 |
0 |
|
|a slo
|
| 044 |
|
|
|a xo
|c SK
|
| 080 |
|
|
|a 372.45:376.42(072)
|2 1981
|
| 080 |
|
|
|a 376.42(072)
|2 1981
|
| 100 |
1 |
|
|a Šikulová, Viera
|4 aut
|9 464044
|
| 245 |
1 |
0 |
|a Príprava na písanie a výtvarnú výchovu
|b metodický materiál pre prípravný ročník špeciálnej základnej školy pre žiakov s mentálnym postihnutím
|c Viera Šikulová, Darina Mištinová
|
| 260 |
|
|
|a Bratislava
|b Štátny pedagogický ústav
|c 2001
|
| 300 |
|
|
|a 64 s., 46 voľ. príl.
|c 30 cm
|
| 500 |
|
|
|a 500 výt.
|
| 504 |
|
|
|a Bibliogr. s. 64
|
| 650 |
0 |
7 |
|a výchova výtvarná
|x školy špeciálne základné (prípr. roč.)
|x príručky metodické
|2 SNK
|9 464048
|
| 650 |
0 |
7 |
|a písanie
|x školy špeciálne základné (prípr. roč.)
|x príručky metodické
|2 SNK
|9 464049
|
| 655 |
|
7 |
|a príručky
|2 SNK
|9 74364
|
| 700 |
1 |
|
|a Mištinová, Darina
|4 aut
|9 464050
|
| 919 |
|
|
|a 80-85756-59-5
|
| 958 |
|
|
|a TL
|
| 958 |
|
|
|a NB
|
| 999 |
|
|
|c 727293
|d 729223
|
| 952 |
|
|
|t P60, <03>, [BOOK], {603}
|a SNK
|b SNK
|y PREZ
|7 0
|p 17A0331761
|o snkSB 64467
|i snkKSP 1846/2002
|0 0
|1 0
|4 0
|d 2002-02-13
|f 1
|l 0
|r 2025-04-14 00:00:00
|w 2026-02-23
|
| 952 |
|
|
|t P60, <03>, [BOOK], {603}
|a SNK
|b SNK
|y PREZ
|7 0
|p 17A0331762
|o snkSB 64467/pril.
|0 0
|1 0
|4 0
|d 2002-02-13
|l 0
|r 2025-04-14 00:00:00
|w 2026-02-23
|
| 952 |
|
|
|t P60, <04>, [BOOK], {604}
|a SNK
|b SNK
|y PREZ
|7 0
|p 17A0331763
|o snkSB 64467 D1
|i snkKSP 1847/2002
|3 príloha 46 voľných listov
|0 0
|1 0
|4 0
|d 2002-02-13
|l 0
|r 2005-01-02 00:00:00
|w 2026-02-23
|
| 952 |
|
|
|t P60, <04>, [BOOK], {604}
|a SNK
|b SNK
|y PREZ
|7 0
|p 17A0331764
|o snkSB 64467/pril. D1
|3 príloha 46 voľných listov
|0 0
|1 0
|4 0
|d 2002-02-13
|l 0
|r 2005-01-02 00:00:00
|w 2026-02-23
|